000 00728nam a22002177a 4500
003 UA-OsUOA
001 119037
007 ta
008 20161003b un ||||| |||| 00| 0 ukr d
100 _aКучеренко І.
090 _a81
_bК95
942 _cSA
040 _aUA-OsUOA
_bukr
_cUA-OsUOA
_dUA-OsUOA
245 _aФілософсько-методологічні засади сучасної мовної освіти
300 _aС.22-29
955 _a0
041 _aukr
080 _a81
773 0 _w119035
_tУкраїнська мова і література в школі
_dК.
_d2016
_g3
650 7 _a8 Мовознавство. Художня література. Літературознавство
_2UDC
999 _c405344
_d405344